| 000 | 00336nam a2200133Ia 4500 | ||
|---|---|---|---|
| 008 | 230917s9999||||xx |||||||||||||| ||und|| | ||
| 040 |
_e99571 _aMAIN |
||
| 041 | _aEnglish | ||
| 082 | _a913.54 R137H | ||
| 100 | _aRajpurohita, Bhagawatilal | ||
| 245 | 0 | _aBharatiya abhilekn aur itihas | |
| 260 |
_aDelhi _bShivalik _c2003 |
||
| 942 | _cBK | ||
| 999 |
_c116655 _d116655 |
||